01301nam a2200253 a 4500008004100000020001800041050001500059100002000074245017100094250001600265260003000281300003500311350001000346650002500356650005700381650007400438700002200512700002500534700001800559995015100577995015100728995015100879999001701030211206s2015 ||||||||||||||||| || u a9781138019652 aTP 339 The aGroot, Peter de14aThe biomass assessment handbook: energy for a sustainable environment (2nd edition)cEdited by Frank Rosillo-Calle; Peter de Droot; Sarah L. Hemstock and Jeremy Woods a2nd edition aNew YorkbRoutledgec2015 axvii, 318 pages: illustrations a70.13 aBIOMASS--MEASUREMENT aTECHNOLOGY AND ENGINEERING/ POWER RESOURCES--GENERAL aTECHNOLOGY AND ENGINEERING/ POWER RESOURCES/ALTERNATIVE AND RENEWABLE aHemstock, Sarah L aRosillo-Calle, Frank aWoods, Jeremy aMAIN LIBRARY OPEN ACCESSe751551FCBU-MAIN LIBRARY (Kitwe)I70.13jTP 339 TheUAVAILABLEWDec 7, 2021y751551ZMain Library Open Access Collection aMAIN LIBRARY OPEN ACCESSe751553FCBU-MAIN LIBRARY (Kitwe)I70.13jTP 339 TheUAVAILABLEWDec 7, 2021y751553ZMain Library Open Access Collection aMAIN LIBRARY OPEN ACCESSe751552FCBU-MAIN LIBRARY (Kitwe)I70.13jTP 339 TheUAVAILABLEWDec 7, 2021y751552ZMain Library Open Access Collection c84672d84672